000 00615nam a2200229Ia 4500
003 OSt
005 20221006151643.0
006 a|||||r|||| 00| 0
007 ta
008 221006b |||||||| |||| 00| 0 eng d
024 _a22,913
037 _cTextual
040 _aEASL
_cEASL
_beng
041 _2eng
_aeng
100 _aLESLIE Donald
_9650871
245 0 _aCatalogue of Chinese local gazetters
260 _aAustralia
_bAustralia National University
_c1967
300 _a125p.
_ccm.
700 _a DAVIDSON J
_9653289
942 _cTEXL
_2CC
999 _c1090999
_d1090999